<?xml version="1.0" encoding="UTF-8"?>
<record
    xmlns:xsi="http://www.w3.org/2001/XMLSchema-instance"
    xsi:schemaLocation="http://www.loc.gov/MARC21/slim http://www.loc.gov/standards/marcxml/schema/MARC21slim.xsd"
    xmlns="http://www.loc.gov/MARC21/slim">

  <leader>00539nam a22001577a 4500</leader>
  <controlfield tag="005">20180823130200.0</controlfield>
  <datafield tag="020" ind1=" " ind2=" ">
    <subfield code="a">8170003431</subfield>
    <subfield code="c">1500.00 (set price)</subfield>
  </datafield>
  <datafield tag="035" ind1=" " ind2=" ">
    <subfield code="a">B-92479, B-092478, B-092475</subfield>
  </datafield>
  <datafield tag="037" ind1=" " ind2=" ">
    <subfield code="a">DPL</subfield>
    <subfield code="b">ENG</subfield>
  </datafield>
  <datafield tag="100" ind1=" " ind2=" ">
    <subfield code="a">Dhiman, Anil K.</subfield>
  </datafield>
  <datafield tag="245" ind1=" " ind2=" ">
    <subfield code="a">Basics of information technology for librarians and information scientists :</subfield>
    <subfield code="b">IT's applications in LIS /</subfield>
    <subfield code="c">by Anil K. Dhiman</subfield>
  </datafield>
  <datafield tag="250" ind1=" " ind2=" ">
    <subfield code="a">Vol.II</subfield>
  </datafield>
  <datafield tag="260" ind1=" " ind2=" ">
    <subfield code="a">New Delhi</subfield>
    <subfield code="b">Ess Ess Publications</subfield>
    <subfield code="c">2003</subfield>
  </datafield>
  <datafield tag="300" ind1=" " ind2=" ">
    <subfield code="a">306p.</subfield>
    <subfield code="c">20 cms.</subfield>
  </datafield>
  <datafield tag="942" ind1=" " ind2=" ">
    <subfield code="2">ddc</subfield>
    <subfield code="c">EN</subfield>
    <subfield code="h">025.04</subfield>
    <subfield code="m">DHI</subfield>
  </datafield>
  <datafield tag="999" ind1=" " ind2=" ">
    <subfield code="c">64215</subfield>
    <subfield code="d">64215</subfield>
  </datafield>
  <datafield tag="952" ind1=" " ind2=" ">
    <subfield code="0">0</subfield>
    <subfield code="1">0</subfield>
    <subfield code="4">0</subfield>
    <subfield code="7">0</subfield>
    <subfield code="8">NFIC</subfield>
    <subfield code="a">ZLS</subfield>
    <subfield code="b">ZLS</subfield>
    <subfield code="d">2012-03-21</subfield>
    <subfield code="g">1500.00</subfield>
    <subfield code="l">1</subfield>
    <subfield code="o">025.04 DHI</subfield>
    <subfield code="p">B-92479</subfield>
    <subfield code="r">2019-09-13 00:00:00</subfield>
    <subfield code="s">2019-09-04</subfield>
    <subfield code="v">1500.00</subfield>
    <subfield code="w">2012-03-21</subfield>
    <subfield code="y">EN</subfield>
  </datafield>
  <datafield tag="952" ind1=" " ind2=" ">
    <subfield code="0">0</subfield>
    <subfield code="1">0</subfield>
    <subfield code="3">v.2</subfield>
    <subfield code="4">0</subfield>
    <subfield code="7">0</subfield>
    <subfield code="a">BL1</subfield>
    <subfield code="b">BL1</subfield>
    <subfield code="d">2018-08-07</subfield>
    <subfield code="e">BPPD/PUB</subfield>
    <subfield code="g">1500.00</subfield>
    <subfield code="l">1</subfield>
    <subfield code="o">025.04 DHI</subfield>
    <subfield code="p">B-092478</subfield>
    <subfield code="r">2019-01-28 00:00:00</subfield>
    <subfield code="s">2019-01-10</subfield>
    <subfield code="v">1500.00</subfield>
    <subfield code="w">2018-08-07</subfield>
    <subfield code="y">EN</subfield>
  </datafield>
  <datafield tag="952" ind1=" " ind2=" ">
    <subfield code="0">0</subfield>
    <subfield code="1">0</subfield>
    <subfield code="4">0</subfield>
    <subfield code="7">0</subfield>
    <subfield code="8">NFIC</subfield>
    <subfield code="a">BL4</subfield>
    <subfield code="b">BL4</subfield>
    <subfield code="d">2018-08-23</subfield>
    <subfield code="e">BPPD/PUB</subfield>
    <subfield code="g">1500.00</subfield>
    <subfield code="l">1</subfield>
    <subfield code="m">2</subfield>
    <subfield code="o">025.04 DHI</subfield>
    <subfield code="p">B-092475</subfield>
    <subfield code="r">2024-01-09 00:00:00</subfield>
    <subfield code="s">2023-12-12</subfield>
    <subfield code="v">1500.00</subfield>
    <subfield code="w">2018-08-23</subfield>
    <subfield code="y">EN</subfield>
  </datafield>
</record>
